Bí ẩn vạn sự trong khoa học dự báo cổ : Thuyết âm dương ngũ hành trong cuộc sống.
সংরক্ষণ করুন:
| বিন্যাস: | Sách giấy |
|---|---|
| ভাষা: | Vietnamese |
| প্রকাশিত: |
Thanh hoá :
nxb. Thanh hoá,
2008.
|
| বিষয়গুলি: | |
| ট্যাগগুলো: |
ট্যাগ যুক্ত করুন
কোনো ট্যাগ নেই, প্রথমজন হিসাবে ট্যাগ করুন!
|
| Thư viện lưu trữ: | Thư viện Trường Đại học Đà Lạt |
|---|
| LEADER | 00818nam a2200313 4500 | ||
|---|---|---|---|
| 001 | DLU090065201 | ||
| 005 | ##20090312 | ||
| 040 | # | # | |a DLU |b vie |
| 041 | # | # | |a vie |
| 044 | # | # | |a vn |
| 082 | # | # | |a 133.3 |b Bia |
| 245 | # | # | |a Bí ẩn vạn sự trong khoa học dự báo cổ : |b Thuyết âm dương ngũ hành trong cuộc sống. |
| 260 | # | # | |a Thanh hoá : |b nxb. Thanh hoá, |c 2008. |
| 300 | # | # | |a 484 tr. ; |c 24 cm. |
| 653 | # | # | |a Thuyết âm dương |
| 653 | # | # | |a Triết học cổ đại |
| 653 | # | # | |a Triết học phương Đông |
| 653 | # | # | |a Văn hoá thần bí |
| 923 | # | # | |a 22/2008 |
| 991 | # | # | |a SH |
| 992 | # | # | |a 120000 |
| 994 | # | # | |a DLU |
| 900 | # | # | |a True |
| 911 | # | # | |a Đào Thị Thu Huyền |
| 925 | # | # | |a G |
| 926 | # | # | |a A |
| 927 | # | # | |a SH |
| 980 | # | # | |a Thư viện Trường Đại học Đà Lạt |